[Event "117th YMCA Winter-B"]
[Site "Warszawa"]
[Date "2013.01.09"]
[Round "1"]
[White "Bernacki, Gabriel"]
[Black "Mokrzanowski, Andrzej"]
[Result "1-0"]
[WhiteElo "1896"]
[BlackElo "1957"]
[Annotator "Admin"]
[PlyCount "73"]
[EventDate "2013.01.09"]
[EventType "tourn"]
[EventRounds "1"]
[EventCountry "POL"]
[SourceDate "2013.01.07"]

1. d4 Nf6 2. c4 e6 3. Nc3 Bb4 4. e3 c5 5. Nf3 O-O 6. Bd3 d6 7. O-O Bxc3 8. bxc3
b6 9. d5 b5 10. cxb5 exd5 11. Nd2 Re8 12. c4 Bb7 13. Bb2 Nbd7 14. Be2 Qe7 15.
cxd5 Bxd5 16. Bf3 Qe6 17. Re1 Rad8 18. Qc2 Bxf3 19. Nxf3 $11 Ne4 20. Nd2 Ndf6
21. Nxe4 Nxe4 22. f3 Nf6 23. Qc3 Re7 24. a4 Rb7 25. e4 Ne8 26. Rad1 f6 27. f4
Qg4 28. g3 Rdb8 29. Ba3 a6 30. bxa6 Rb3 31. Qc4+ Kh8 32. Rd3 Rb1 33. Bc1 R8b4
34. Qf7 h5 35. Qxe8+ Kh7 36. a7 R4b2 37. a8=Q 1-0

[Event "117th YMCA Winter-B"]
[Site "Warszawa"]
[Date "2013.01.09"]
[Round "1"]
[White "Zurkowski, Andrzej"]
[Black "Melchers, Damian"]
[Result "1-0"]
[WhiteElo "2005"]
[BlackElo "1963"]
[PlyCount "59"]
[EventDate "2013.01.09"]
[EventType "tourn"]
[EventRounds "1"]
[EventCountry "POL"]
[SourceDate "2013.01.07"]

1. d4 Nf6 2. c4 c5 3. d5 b5 4. cxb5 a6 5. b6 Qxb6 6. Nc3 d6 7. Nf3 g6 8. e4 Bg7
9. Be2 O-O 10. O-O a5 11. Nd2 Ba6 12. Bc4 Bxc4 13. Nxc4 Qb4 14. Qe2 Nbd7 15.
Bd2 Rfb8 16. b3 Qb7 17. Na4 Qb5 18. Rab1 Ne8 19. f4 Nc7 20. Qe1 Na6 21. Nxa5
Nb6 22. Nc6 Rb7 23. Nxb6 Qxb6 24. Ba5 Qb5 25. a4 Qd3 26. Rf3 Qc2 27. Rf2 Qd3
28. Rd2 Bc3 29. Rxd3 Bxe1 30. Rxe1 1-0

[Event "117th YMCA Winter-B"]
[Site "Warszawa"]
[Date "2013.01.09"]
[Round "1"]
[White "Gluszko, Monika"]
[Black "Szwaj, Jacek"]
[Result "1-0"]
[WhiteElo "1942"]
[BlackElo "1915"]
[PlyCount "79"]
[EventDate "2013.01.09"]
[EventType "tourn"]
[EventRounds "1"]
[EventCountry "POL"]
[SourceDate "2013.01.07"]

1. e4 c5 2. Nf3 d6 3. d4 cxd4 4. Nxd4 Nf6 5. Nc3 a6 6. h3 e5 7. Nde2 Be6 8. g4
h6 9. Bg2 Nbd7 10. O-O g5 11. Be3 b5 12. Ng3 Nb6 13. b3 b4 14. Nd5 Nbxd5 15.
exd5 Bd7 16. a3 a5 17. axb4 axb4 18. Qd2 Rb8 19. f4 gxf4 20. Bxf4 Bg7 21. Be3
Qc8 22. Qf2 O-O 23. g5 hxg5 24. Bxg5 Nh7 25. Be7 Qc5 26. Bxf8 Kxf8 27. Ra7 Be8
28. Qxc5 dxc5 29. Ne4 Bh6 30. Rc7 Bf4 31. Nxc5 Rb5 32. Nd3 Be3+ 33. Kh1 Bd4 34.
d6 e4 35. Bxe4 Nf6 36. Bc6 Bxc6+ 37. Rxc6 Ne4 38. Rc8+ Kg7 39. d7 Rg5 40. d8=Q
1-0

[Event "117th YMCA Winter-B"]
[Site "Warszawa"]
[Date "2013.01.09"]
[Round "1"]
[White "Rusin, Ryszard"]
[Black "Rozowski, Marcin"]
[Result "0-1"]
[WhiteElo "1892"]
[BlackElo "1905"]
[PlyCount "102"]
[EventDate "2013.01.09"]
[EventType "tourn"]
[EventRounds "1"]
[EventCountry "POL"]
[SourceDate "2013.01.07"]

1. d4 d5 2. c4 c6 3. Nc3 Nf6 4. e3 e6 5. Nf3 Nbd7 6. a3 Bd6 7. Bd3 O-O 8. O-O
dxc4 9. Bxc4 b5 10. Ba2 Bb7 11. e4 e5 12. d5 Qe7 13. Qe2 cxd5 14. exd5 a6 15.
Bg5 Rfe8 16. Ne4 h6 17. Bxf6 Nxf6 18. Nxf6+ Qxf6 19. Nd2 e4 20. f3 Qxb2 21.
fxe4 Qe5 22. Qf3 Qxh2+ 23. Kf2 Qh4+ 24. Ke2 f6 25. Rh1 Qg5 26. Rh5 Qg6 27. Rah1
Bc8 28. R5h4 h5 29. Kf1 Bg4 30. Rxg4 hxg4 31. Qd1 Qg5 32. g3 f5 33. Bb1 Qe3 34.
Rh2 Bxg3 35. Re2 Qf4+ 36. Kg2 Rac8 37. exf5 Rxe2+ 38. Qxe2 Rf8 39. Ba2 Bh4 40.
Qe6+ Kh8 41. Ne4 Qf3+ 42. Kg1 Qxf5 43. Qxf5 Rxf5 44. Kg2 Rf3 45. Bb1 Rxa3 46.
Nd6 Kg8 47. Nf5 Bf6 48. Be4 Ra4 49. Bd3 Kf8 50. Kf2 b4 51. Bc4 b3 0-1

[Event "117th YMCA Winter-B"]
[Site "Warszawa"]
[Date "2013.01.09"]
[Round "1"]
[White "Barc, Michal"]
[Black "Sujkowski, Pawel"]
[Result "1/2-1/2"]
[WhiteElo "1870"]
[BlackElo "2014"]
[PlyCount "135"]
[EventDate "2013.01.09"]
[EventType "tourn"]
[EventRounds "1"]
[EventCountry "POL"]
[SourceDate "2013.01.07"]

1. d4 Nf6 2. Nf3 e6 3. c4 Bb4+ 4. Bd2 Qe7 5. a3 Bxd2+ 6. Nbxd2 d6 7. e4 e5 8.
d5 O-O 9. Be2 a5 10. b4 Nh5 11. g3 Bh3 12. Bf1 Bd7 13. Bg2 Na6 14. Rb1 Nf6 15.
O-O c6 16. Qb3 axb4 17. axb4 c5 18. b5 Nb4 19. Ra1 Rfc8 20. Ra4 Qd8 21. Rfa1
Ne8 22. Ne1 Nc7 23. Nd3 Rxa4 24. Rxa4 Nxd3 25. Qxd3 Ra8 26. Qa3 Rxa4 27. Qxa4
Qa8 28. Qxa8+ Nxa8 29. f4 f6 30. Kf2 Nb6 31. Bf1 g6 32. Ke3 Nc8 33. Nb3 b6 34.
Nd2 Ne7 35. fxe5 dxe5 36. Nf3 Nc8 37. Be2 Nd6 38. Nd2 h5 39. Bf1 Kg7 40. Nf3
Bg4 41. Nd2 Bd1 42. Be2 Bxe2 43. Kxe2 f5 44. Kd3 Kf6 45. Ke3 g5 46. h4 f4+ 47.
Kf3 fxg3 48. Kxg3 Nf7 49. Nf3 g4 50. Nd2 Nh8 51. Nb3 Ke7 52. Nd2 Ng6 53. Nf1
Kf7 54. Ne3 Kf6 55. d6 Nf4 56. Nf5 Ke6 57. Nh6 Kxd6 58. Nf5+ Kd7 59. Ng7 Kd6
60. Nf5+ Ke6 61. Ng7+ Kf7 62. Nf5 Ne2+ 63. Kf2 Nc3 64. Ke3 Kf6 65. Ng3 Kg6 66.
Kd2 Nb1+ 67. Kc2 Na3+ 68. Kb3 1/2-1/2

[Event "117th YMCA Winter-B"]
[Site "Warszawa"]
[Date "2013.01.10"]
[Round "1"]
[White "Kadzinski, Wieslaw"]
[Black "Rozycki, Bartlomiej"]
[Result "0-1"]
[WhiteElo "1972"]
[BlackElo "2011"]
[Annotator "Admin"]
[PlyCount "56"]
[EventDate "2013.01.09"]
[EventType "tourn"]
[EventRounds "1"]
[EventCountry "POL"]
[SourceDate "2013.01.07"]

1. e4 e5 2. Nf3 Nc6 3. Bc4 Bc5 4. b4 Bxb4 5. c3 Be7 6. d4 Na5 7. Be2 exd4 8.
Qxd4 Nf6 9. e5 Nc6 10. Qf4 Nd5 11. Qe4 Nb6 12. Qg4 $11 g6 13. Bh6 d6 14. Qf4
dxe5 15. Nxe5 Nxe5 16. Qxe5 f6 17. Qe3 Kf7 18. O-O Re8 19. Rd1 Bd6 20. Qf3 Qe7
21. Re1 Be6 22. Nd2 Rad8 23. Ne4 Be5 24. Bd1 Kg8 25. Bb3 c6 26. Nxf6+ Qxf6 27.
Qxf6 Bxf6 28. Bxe6+ Kh8 $138 0-1

[Event "117th YMCA Winter-B"]
[Site "Warszawa"]
[Date "2013.01.17"]
[Round "2"]
[White "Mokrzanowski, Andrzej"]
[Black "Rozycki, Bartlomiej"]
[Result "0-1"]
[WhiteElo "1957"]
[BlackElo "2011"]
[PlyCount "60"]
[EventDate "2013.01.09"]
[EventType "tourn"]
[EventRounds "1"]
[EventCountry "POL"]
[SourceDate "2013.01.07"]

1. Nf3 e6 2. b3 d5 3. Bb2 c5 4. e3 Nf6 5. Ne5 Bd6 6. Bb5+ Nbd7 7. f4 O-O 8. O-O
Qc7 9. Nxd7 Nxd7 10. Bxd7 Bxd7 11. Qf3 Rae8 12. d3 e5 13. Nd2 Bc6 14. f5 e4 15.
Qg4 f6 16. dxe4 Bxh2+ 17. Kf2 Be5 18. Bxe5 Qxe5 19. c4 Qb2 20. Qe2 dxc4 21.
Qxc4+ Kh8 22. Qc1 Qe5 23. Qc2 Bxe4 24. Qxe4 Qc3 25. Qf4 Qxd2+ 26. Kf3 Re5 27.
Rfd1 Qc2 28. g4 Rfe8 29. Rdc1 Qd3 30. Re1 Re4 0-1

[Event "117th YMCA Winter-B"]
[Site "Warszawa"]
[Date "2013.01.17"]
[Round "2"]
[White "Sujkowski, Pawel"]
[Black "Kadzinski, Wieslaw"]
[Result "1/2-1/2"]
[WhiteElo "2014"]
[BlackElo "1972"]
[Annotator "Admin"]
[PlyCount "32"]
[EventDate "2013.01.09"]
[EventType "tourn"]
[EventRounds "1"]
[EventCountry "POL"]
[SourceDate "2013.01.07"]

1. d4 Nf6 2. c4 c5 3. Nf3 e6 $11 4. g3 d5 5. cxd5 exd5 6. Bg2 Nc6 7. O-O Be7 8.
Nc3 O-O 9. h3 Ne4 10. dxc5 Bxc5 11. e3 Nxc3 12. bxc3 Be6 13. Rb1 Qd7 14. Kh2 h6
15. Qa4 $11 a6 16. Nd4 b5 $11 1/2-1/2

[Event "117th YMCA Winter-B"]
[Site "Warszawa"]
[Date "2013.01.15"]
[Round "2"]
[White "Rozowski, Marcin"]
[Black "Barc, Michal"]
[Result "1/2-1/2"]
[WhiteElo "1905"]
[BlackElo "1870"]
[Annotator "Admin"]
[PlyCount "62"]
[EventDate "2013.01.09"]
[EventType "tourn"]
[EventRounds "1"]
[EventCountry "POL"]
[SourceDate "2013.01.07"]

1. e4 d6 2. d4 Nf6 3. Nc3 c6 4. f4 Qa5 5. Bd3 e5 6. Nf3 exd4 7. Nxd4 Be7 8. Nb3
Qb6 9. Qf3 O-O 10. Be3 Qc7 11. h3 Na6 12. O-O-O Be6 13. g4 Nb4 14. g5 Nd7 15.
f5 Ne5 16. Qg3 Bxb3 17. axb3 Nexd3+ 18. cxd3 Rfe8 19. h4 f6 20. h5 fxg5 21. h6
Bf6 22. Bxg5 Qe7 23. Bf4 Rad8 24. Rdg1 Qf7 25. hxg7 Qxb3 26. Rg2 Bxc3 27. bxc3
Qxc3+ 28. Kb1 Nxd3 29. Rxh7 Qb3+ 30. Ka1 Qa4+ 31. Kb1 Qb3+ $11 1/2-1/2

[Event "117th YMCA Winter-B"]
[Site "Warszawa"]
[Date "2013.01.14"]
[Round "2"]
[White "Szwaj, Jacek"]
[Black "Rusin, Ryszard"]
[Result "1-0"]
[WhiteElo "1915"]
[BlackElo "1892"]
[PlyCount "55"]
[EventDate "2013.01.09"]
[EventType "tourn"]
[EventRounds "1"]
[EventCountry "POL"]
[SourceDate "2013.01.07"]

1. e4 e5 2. Nf3 Nf6 3. Nxe5 d6 4. Nf3 Nxe4 5. Nc3 Nf6 6. d4 Bg4 7. h3 Bxf3 8.
Qxf3 c6 9. Bd3 Be7 10. Bf4 Qb6 11. O-O-O O-O 12. g4 Re8 13. g5 Nfd7 14. h4 d5
15. Be3 Na6 16. Bxh7+ Kxh7 17. Qf5+ Kg8 18. Qxd7 Nc7 19. Qg4 Nb5 20. Nxb5 cxb5
21. h5 Rac8 22. g6 Rc6 23. gxf7+ Kxf7 24. Qf5+ Bf6 25. Qxd5+ Kf8 26. h6 Qc7 27.
h7 Rxc2+ 28. Kb1 1-0

[Event "117th YMCA Winter-B"]
[Site "Warszawa"]
[Date "2013.01.16"]
[Round "2"]
[White "Melchers, Damian"]
[Black "Gluszko, Monika"]
[Result "0-1"]
[WhiteElo "1963"]
[BlackElo "1942"]
[PlyCount "112"]
[EventDate "2013.01.09"]
[EventType "tourn"]
[EventRounds "1"]
[EventCountry "POL"]
[SourceDate "2013.01.07"]

1. e4 c5 2. Nf3 d6 3. c4 e5 4. Nc3 g6 5. d3 Bg7 6. g3 Ne7 7. Bg2 O-O 8. O-O
Nbc6 9. Bg5 h6 10. Be3 f5 11. exf5 Nxf5 12. Nd5 Nfd4 13. Nxd4 exd4 14. Bf4 Rb8
15. Re1 g5 16. Bc1 Bf5 17. f4 g4 18. Be4 Qd7 19. Bd2 h5 20. b4 cxb4 21. Nxb4
Nxb4 22. Bxb4 b5 23. cxb5 Rxb5 24. Bxf5 Rfxf5 25. Rb1 Rf6 26. Ba3 Ra5 27. Rb8+
Kh7 28. Qb3 Qf7 29. Qb4 Rc5 30. Rb7 Rc7 31. Rxc7 Qxc7 32. Qxd4 Re6 33. Qb4 Bc3
34. Rxe6 Bxb4 35. Bxb4 Qb6+ 36. Kf1 Qxb4 37. Re7+ Kg6 38. Rxa7 Qb1+ 39. Ke2
Qc2+ 40. Ke1 Qxd3 41. Re7 Qb1+ 42. Kf2 Qxa2+ 43. Re2 Qb3 44. Re3 Qc2+ 45. Re2
Qc5+ 46. Kg2 d5 47. h3 gxh3+ 48. Kxh3 Qg1 49. Re6+ Kf7 50. Re2 Qf1+ 51. Rg2 d4
52. Kh2 d3 53. g4 hxg4 54. Rxg4 d2 55. Rg1 Qxg1+ 56. Kxg1 d1=Q+ 0-1

[Event "117th YMCA Winter-B"]
[Site "Warszawa"]
[Date "2013.01.16"]
[Round "2"]
[White "Bernacki, Gabriel"]
[Black "Zurkowski, Andrzej"]
[Result "0-1"]
[WhiteElo "1896"]
[BlackElo "2005"]
[PlyCount "62"]
[EventDate "2013.01.09"]
[EventType "tourn"]
[EventRounds "1"]
[EventCountry "POL"]
[SourceDate "2013.01.07"]

1. d4 c5 2. d5 e5 3. e4 d6 4. Nc3 Be7 5. Nf3 Bg4 6. h3 Bxf3 7. Qxf3 Bg5 8. Bb5+
Kf8 9. Bxg5 Qxg5 10. O-O a6 11. Bd3 b5 12. b3 Nf6 13. Nd1 Nbd7 14. Ne3 g6 15.
g3 Kg7 16. Qg2 Rhf8 17. Rae1 Nh5 18. h4 Qe7 19. Be2 Nhf6 20. g4 Kh8 21. g5 Ne8
22. Bg4 Ng7 23. Qh3 Rad8 24. Rb1 f6 25. h5 gxh5 26. Bxh5 f5 27. Qh4 Nxh5 28.
Qxh5 Rg8 29. f4 exf4 30. Ng2 Rxg5 31. Qh6 Rdg8 0-1

[Event "117th YMCA Winter-B"]
[Site "Warszawa"]
[Date "2013.01.23"]
[Round "3"]
[White "Zurkowski, Andrzej"]
[Black "Mokrzanowski, Andrzej"]
[Result "0-1"]
[WhiteElo "2005"]
[BlackElo "1957"]
[PlyCount "73"]
[EventDate "2013.01.09"]
[EventType "tourn"]
[EventRounds "1"]
[EventCountry "POL"]
[SourceDate "2013.01.07"]

1. d4 e6 2. Nf3 Nf6 3. e3 b6 4. Bd3 Bb7 5. O-O Be7 6. Nbd2 d5 7. Ne5 O-O 8. b3
Nbd7 9. Bb2 Rc8 10. f4 g6 11. Qe2 c5 12. c4 Re8 13. cxd5 exd5 14. f5 g5 15. Bb5
cxd4 16. Nxd7 Nxd7 17. Bxd7 Qxd7 18. f6 Bf8 19. Bxd4 Rc2 20. Qd3 Qc8 21. Rf5 h6
22. g4 Bb4 23. Rd1 Ba6 24. Nc4 Rxa2 25. Qb1 Re2 26. Ne5 Bc5 27. Qa1 Re6 28. Nf3
Re4 29. h3 Bd6 30. Nd2 Rxd4 31. exd4 Bd3 32. Rf2 Re3 33. Nf3 Be4 34. Ne5 a5 35.
Kh2 Rc3 36. Qb2 Qc7 37. Kg1 0-1

[Event "117th YMCA Winter-B"]
[Site "Warszawa"]
[Date "2013.01.23"]
[Round "3"]
[White "Gluszko, Monika"]
[Black "Bernacki, Gabriel"]
[Result "1-0"]
[WhiteElo "1942"]
[BlackElo "1896"]
[PlyCount "71"]
[EventDate "2013.01.09"]
[EventType "tourn"]
[EventRounds "1"]
[EventCountry "POL"]
[SourceDate "2013.01.07"]

1. e4 c5 2. Nf3 Nc6 3. d4 cxd4 4. Nxd4 e5 5. Nb5 d6 6. N1c3 a6 7. Na3 Be6 8.
Nd5 Nf6 9. Bg5 Bxd5 10. Bxf6 Qa5+ 11. c3 Be6 12. Bg5 h6 13. Be3 b5 14. Be2 Be7
15. O-O O-O 16. Nc2 Rfd8 17. a4 b4 18. cxb4 Nxb4 19. Nxb4 Qxb4 20. Qd2 d5 21.
Qxb4 Bxb4 22. exd5 Bxd5 23. Rfd1 a5 24. Bb6 Rd6 25. Bc7 Rc6 26. Bxe5 Be4 27.
Rd4 f5 28. Bc4+ Kh7 29. Rd7 Rg6 30. g3 Rc8 31. b3 Rf8 32. Rc1 f4 33. Bf7 Rc6
34. Rxc6 Bxc6 35. Rc7 fxg3 36. hxg3 1-0

[Event "117th YMCA Winter-B"]
[Site "Warszawa"]
[Date "2013.01.31"]
[Round "3"]
[White "Barc, Michal"]
[Black "Szwaj, Jacek"]
[Result "1-0"]
[WhiteElo "1870"]
[BlackElo "1915"]
[PlyCount "69"]
[EventDate "2013.01.09"]
[EventType "tourn"]
[EventRounds "1"]
[EventCountry "POL"]
[SourceDate "2013.01.07"]

1. d4 Nf6 2. Nf3 e6 3. c4 b6 4. Nc3 Bb4 5. g3 Bb7 6. Bg2 d6 7. O-O Bxc3 8. bxc3
Nbd7 9. Bg5 h6 10. Bxf6 Nxf6 11. Qb3 O-O 12. Rfd1 Qe7 13. Nd2 Bxg2 14. Kxg2 Nd7
15. e4 e5 16. Re1 Kh8 17. Nf3 Qe6 18. Nh4 g6 19. Re3 f5 20. c5 Qf6 21. exf5
gxf5 22. c6 Nb8 23. dxe5 dxe5 24. Rxe5 f4 25. Re6 f3+ 26. Kh1 Qg5 27. Ng6+ Kg7
28. Nxf8 Kxf8 29. Qb4+ Kf7 30. Rae1 Na6 31. Qc4 Kf8 32. Qxa6 Rd8 33. Qc4 Qh5
34. Qf4+ Kg8 35. Rxh6 1-0

[Event "117th YMCA Winter-B"]
[Site "Warszawa"]
[Date "2013.01.28"]
[Round "3"]
[White "Kadzinski, Wieslaw"]
[Black "Rozowski, Marcin"]
[Result "1/2-1/2"]
[WhiteElo "1972"]
[BlackElo "1905"]
[Annotator "Admin"]
[PlyCount "24"]
[EventDate "2013.01.09"]
[EventType "tourn"]
[EventRounds "1"]
[EventCountry "POL"]
[SourceDate "2013.01.07"]

1. e4 c5 2. Nf3 Nc6 3. d4 cxd4 4. Nxd4 Nf6 5. Nc3 e5 6. Ndb5 d6 7. Nd5 Nxd5 8.
exd5 Nb8 9. c4 Be7 10. Be2 a6 11. Nc3 O-O 12. O-O f5 $11 1/2-1/2

[Event "117th YMCA Winter-B"]
[Site "Warszawa"]
[Date "2013.01.24"]
[Round "3"]
[White "Rozycki, Bartlomiej"]
[Black "Sujkowski, Pawel"]
[Result "1-0"]
[WhiteElo "2011"]
[BlackElo "2014"]
[PlyCount "63"]
[EventDate "2013.01.09"]
[EventType "tourn"]
[EventRounds "1"]
[EventCountry "POL"]
[SourceDate "2013.01.07"]

1. e4 c6 2. d4 d5 3. Nc3 dxe4 4. Nxe4 Nd7 5. Bc4 Ngf6 6. Ng5 e6 7. Qe2 Nb6 8.
Bd3 h6 9. N5f3 c5 10. dxc5 Bxc5 11. Ne5 Nbd7 12. Ngf3 Qc7 13. Bf4 Bb4+ 14. Kf1
Nh5 15. g3 Nxf4 16. gxf4 O-O 17. Qe4 Nf6 18. Qxb4 Nd5 19. Qe4 f5 20. Qc4 Qd8
21. Ng6 Rf6 22. Nfe5 Qe8 23. Rg1 Kh7 24. h4 b6 25. Qb5 Qd8 26. h5 Bb7 27. Rd1
Qd6 28. Be2 a5 29. c4 Ba6 30. Qd7 Qc5 31. cxd5 Qc2 32. Nf8+ 1-0

[Event "117th YMCA Winter-B"]
[Site "Warszawa"]
[Date "2013.01.31"]
[Round "4"]
[White "Mokrzanowski, Andrzej"]
[Black "Sujkowski, Pawel"]
[Result "1/2-1/2"]
[WhiteElo "1957"]
[BlackElo "2014"]
[Annotator "Admin"]
[PlyCount "59"]
[EventDate "2013.01.09"]
[EventType "tourn"]
[EventRounds "1"]
[EventCountry "POL"]
[SourceDate "2013.01.07"]

1. c4 c5 2. g3 Nc6 3. Bg2 g6 4. Nc3 Bg7 5. Nf3 e5 6. O-O Nge7 7. d3 d6 8. Ne1
Be6 9. Bg5 f6 10. Bd2 O-O 11. Nc2 d5 12. cxd5 Nxd5 13. Nxd5 Bxd5 14. Ne3 Bxg2
15. Kxg2 Nd4 16. a4 f5 17. Bc3 f4 18. Bxd4 exd4 19. Qb3+ Kh8 20. Nc4 Qd5+ 21.
Kg1 f3 22. exf3 Rxf3 23. Rad1 h5 24. Nd2 Qxb3 25. Nxb3 c4 26. Kg2 Raf8 27. Nc5
c3 28. Ne6 R8f7 29. Ng5 R3f5 30. Nxf7+ $11 1/2-1/2

[Event "117th YMCA Winter-B"]
[Site "Warszawa"]
[Date "2013.02.05"]
[Round "4"]
[White "Rozowski, Marcin"]
[Black "Rozycki, Bartlomiej"]
[Result "0-1"]
[WhiteElo "1905"]
[BlackElo "2011"]
[PlyCount "96"]
[EventDate "2013.01.09"]
[EventType "tourn"]
[EventRounds "1"]
[EventCountry "POL"]
[SourceDate "2013.01.07"]

1. e4 Nf6 2. e5 Nd5 3. d4 d6 4. Nf3 dxe5 5. Nxe5 g6 6. g3 Be6 7. Bg2 Nd7 8. O-O
Bg7 9. Qe2 Nxe5 10. dxe5 c6 11. c3 O-O 12. Nd2 Qc7 13. Re1 Rad8 14. Nb3 c5 15.
Nd2 Bf5 16. f4 Rfe8 17. Nf3 Nb6 18. Be3 Bd3 19. Qf2 c4 20. Bxb6 axb6 21. Nd4
Rd7 22. Bh3 e6 23. Qe3 Bf8 24. b4 Ra8 25. a4 Qd8 26. Bg2 Bxb4 27. Nxe6 fxe6 28.
cxb4 c3 29. Bh3 Kf7 30. f5 gxf5 31. Qh6 Qg8 32. Qe3 c2 33. Bf1 Bxf1 34. Rxf1
Qg4 35. Rf4 Qd1+ 36. Rf1 Qd4 37. Qxd4 Rxd4 38. Rfc1 Rc8 39. Kf2 Rd2+ 40. Ke3
Rxh2 41. a5 b5 42. a6 Rc3+ 43. Kd4 Rc4+ 44. Kd3 bxa6 45. Rxa6 Rxb4 46. Ra7+ Kg6
47. Re7 Rb3+ 48. Kd4 Rb1 0-1

[Event "117th YMCA Winter-B"]
[Site "Warszawa"]
[Date "2013.02.04"]
[Round "4"]
[White "Szwaj, Jacek"]
[Black "Kadzinski, Wieslaw"]
[Result "1/2-1/2"]
[WhiteElo "1915"]
[BlackElo "1972"]
[Annotator "Admin"]
[PlyCount "40"]
[EventDate "2013.01.09"]
[EventType "tourn"]
[EventRounds "1"]
[EventCountry "POL"]
[SourceDate "2013.01.07"]

1. e4 e5 2. Nf3 Nc6 3. Bb5 f5 4. d3 fxe4 5. dxe4 Nf6 6. O-O Bc5 7. Bg5 d6 8.
Nc3 O-O $11 9. Nd5 Bg4 10. Nxf6+ gxf6 11. Bh6 Re8 12. Qd3 Kh8 13. Nh4 Be6 14.
Rad1 Rg8 15. Nf5 Nd4 16. Nxd4 Bxd4 17. c3 Bb6 18. Kh1 Rg6 19. Be3 Qg8 20. Rg1
Bxa2 $11 1/2-1/2

[Event "117th YMCA Winter-B"]
[Site "Warszawa"]
[Date "2013.01.30"]
[Round "4"]
[White "Melchers, Damian"]
[Black "Barc, Michal"]
[Result "1-0"]
[WhiteElo "1963"]
[BlackElo "1870"]
[PlyCount "95"]
[EventDate "2013.01.09"]
[EventType "tourn"]
[EventRounds "1"]
[EventCountry "POL"]
[SourceDate "2013.01.07"]

1. e4 d6 2. f4 c5 3. Nf3 Nc6 4. Nc3 Nf6 5. Bc4 e6 6. d3 Be7 7. O-O O-O 8. a4 a6
9. Kh1 Qc7 10. Ba2 Rb8 11. Ne2 b5 12. axb5 axb5 13. c3 Bb7 14. Bb1 Ra8 15. Rxa8
Rxa8 16. d4 cxd4 17. Nexd4 Nxd4 18. Qxd4 Ra4 19. b4 Qc4 20. Qxc4 bxc4 21. Re1
Ng4 22. Kg1 Kf8 23. h3 Nf6 24. Kf2 Ra1 25. Nd2 d5 26. e5 Nd7 27. Bb2 Ra8 28.
Nf3 Bd8 29. Bc1 Bb6+ 30. Be3 Ra3 31. Rc1 Bxe3+ 32. Kxe3 Ra1 33. Nd4 Ke7 34. g4
h6 35. Kd2 Ra8 36. Re1 Nb6 37. h4 Rh8 38. h5 Ra8 39. Rg1 f6 40. exf6+ Kxf6 41.
g5+ hxg5 42. fxg5+ Kf7 43. h6 gxh6 44. gxh6 Rg8 45. Rxg8 Kxg8 46. h7+ Kh8 47.
Nxe6 Nd7 48. Nd8 1-0

[Event "117th YMCA Winter-B"]
[Site "Warszawa"]
[Date "2013.01.30"]
[Round "4"]
[White "Bernacki, Gabriel"]
[Black "Rusin, Ryszard"]
[Result "1-0"]
[WhiteElo "1896"]
[BlackElo "1892"]
[PlyCount "61"]
[EventDate "2013.01.09"]
[EventType "tourn"]
[EventRounds "1"]
[EventCountry "POL"]
[SourceDate "2013.01.07"]

1. d4 Nf6 2. c4 e6 3. Nc3 b6 4. e4 Bb7 5. Bd3 Bb4 6. Qc2 d5 7. cxd5 Bxc3+ 8.
bxc3 exd5 9. e5 Qe7 10. Nf3 Ne4 11. O-O c5 12. Ba3 Nd7 13. Nd2 Nxd2 14. Qxd2
O-O 15. f4 Rfc8 16. Rf3 Rc6 17. Rh3 Nf8 18. f5 Qd8 19. Re1 Bc8 20. Qf4 a5 21.
Rg3 Kh8 22. Bb5 Rh6 23. f6 Rg6 24. Bd3 Rxg3 25. Qxg3 Ng6 26. dxc5 gxf6 27. Bxg6
hxg6 28. Qh4+ Kg8 29. exf6 Be6 30. c6 b5 31. Be7 1-0

[Event "117th YMCA Winter-B"]
[Site "Warszawa"]
[Date "2013.01.30"]
[Round "4"]
[White "Zurkowski, Andrzej"]
[Black "Gluszko, Monika"]
[Result "1-0"]
[WhiteElo "2005"]
[BlackElo "1942"]
[PlyCount "57"]
[EventDate "2013.01.09"]
[EventType "tourn"]
[EventRounds "1"]
[EventCountry "POL"]
[SourceDate "2013.01.07"]

1. d4 Nf6 2. c4 g6 3. Nc3 Bg7 4. e4 d6 5. f4 O-O 6. Nf3 c5 7. d5 e6 8. Be2 exd5
9. exd5 Re8 10. O-O Bf5 11. Bd3 Ne4 12. Nxe4 Bxe4 13. Bxe4 Rxe4 14. Ng5 Rxc4
15. Qe2 Rb4 16. f5 Bf6 17. fxg6 hxg6 18. Nxf7 Kxf7 19. Qe6+ Kg7 20. Rxf6 Qxf6
21. Bh6+ Kxh6 22. Qxf6 Nd7 23. Qxd6 Nb6 24. Re1 Rd4 25. Re6 Rg8 26. Qxc5 Rxd5
27. Qe3+ Kh7 28. Qf3 Rd7 29. Rxb6 1-0

[Event "117th YMCA Winter-B"]
[Site "Warszawa"]
[Date "2013.02.08"]
[Round "5"]
[White "Gluszko, Monika"]
[Black "Mokrzanowski, Andrzej"]
[Result "0-1"]
[WhiteElo "1942"]
[BlackElo "1957"]
[PlyCount "54"]
[EventDate "2013.01.09"]
[EventType "tourn"]
[EventRounds "1"]
[EventCountry "POL"]
[SourceDate "2013.01.07"]

1. e4 e6 2. d4 d5 3. Nc3 Bb4 4. e5 Qd7 5. Qg4 f5 6. Qg3 b6 7. Nh3 Ba6 8. Bxa6
Nxa6 9. Qd3 Nb8 10. a3 Bxc3+ 11. Qxc3 Nc6 12. Bd2 O-O-O 13. b4 Kb7 14. a4 a5
15. bxa5 Nxa5 16. O-O Ne7 17. Rfb1 Nec6 18. Nf4 Ra8 19. Rb5 Rhb8 20. Be1 Ra7
21. Rab1 Kc8 22. Nd3 Nc4 23. Nb4 Rxa4 24. Nxc6 Qxc6 25. Qb3 Rba8 26. Rb4 Ra3
27. Rxc4 Qxc4 0-1

[Event "117th YMCA Winter-B"]
[Site "Warszawa"]
[Date "2013.02.06"]
[Round "5"]
[White "Rusin, Ryszard"]
[Black "Zurkowski, Andrzej"]
[Result "1-0"]
[WhiteElo "1892"]
[BlackElo "2005"]
[PlyCount "101"]
[EventDate "2013.01.09"]
[EventType "tourn"]
[EventRounds "1"]
[EventCountry "POL"]
[SourceDate "2013.01.07"]

1. d4 d5 2. c4 e6 3. Nc3 Nf6 4. Nf3 Nbd7 5. e3 Be7 6. Bd3 O-O 7. O-O c5 8. Bd2
b6 9. cxd5 exd5 10. Rc1 Bb7 11. Qe2 a6 12. a4 Re8 13. Bb1 Bd6 14. dxc5 bxc5 15.
Qd3 Qe7 16. Qf5 Nf8 17. Ba2 Rad8 18. Rfd1 Qe6 19. Qxe6 fxe6 20. Ne2 Bc6 21. b3
e5 22. Ba5 Rd7 23. Nc3 Kh8 24. Bb6 d4 25. Ne2 Ne6 26. exd4 Bxf3 27. gxf3 exd4
28. b4 Ng5 29. Bc4 Nxf3+ 30. Kg2 Nh4+ 31. Kh3 g5 32. bxc5 Be7 33. Be6 Ne4 34.
Rf1 Rdd8 35. f4 d3 36. Ng3 d2 37. Nxe4 dxc1=Q 38. Rxc1 Rd3+ 39. Kg4 Bd8 40.
Bxd8 Rexd8 41. c6 Ng2 42. Nxg5 Rf8 43. f5 Ne3+ 44. Kh5 h6 45. Nf7+ Kg7 46. c7
Rd2 47. h4 Rd4 48. Rg1+ Kf6 49. Nxh6 Nxf5 50. Bxf5 Rd5 51. Rg5 1-0

[Event "117th YMCA Winter-B"]
[Site "Warszawa"]
[Date "2013.01.28"]
[Round "5"]
[White "Barc, Michal"]
[Black "Bernacki, Gabriel"]
[Result "0-1"]
[WhiteElo "1870"]
[BlackElo "1896"]
[PlyCount "84"]
[EventDate "2013.01.09"]
[EventType "tourn"]
[EventRounds "1"]
[EventCountry "POL"]
[SourceDate "2013.01.07"]

1. d4 d5 2. Nf3 Nf6 3. c4 c6 4. Nc3 e6 5. e3 Nbd7 6. Bd3 dxc4 7. Bxc4 b5 8. Bd3
Bb7 9. e4 b4 10. Na4 c5 11. Bg5 Qa5 12. Bxf6 Nxf6 13. e5 Nd7 14. dxc5 Rd8 15.
Nd2 Nxe5 16. Bf1 Be7 17. Qc2 Bg5 18. Rd1 O-O 19. b3 Bxd2+ 20. Rxd2 Ba6 21. f4
Bxf1 22. Rxf1 Ng4 23. Re2 Rd5 24. h3 Nf6 25. Kf2 Nd7 26. Rc1 Rc8 27. c6 Nb6 28.
Nc5 Rf5 29. Nb7 Rxf4+ 30. Kg1 Qg5 31. Qc5 Rf5 32. Qc2 Nd5 33. Nd6 Nc3 34. Rd2
Rxc6 35. Nxf5 exf5 36. Re1 h5 37. Qd3 Ne4 38. Qd8+ Kh7 39. Qxg5 Nxg5 40. Re7
Rc1+ 41. Kh2 h4 42. g3 Nf3+ 0-1